2025 Best Player On Every MLB Team - Statistics

General Stats
  • This quiz has been taken 85 times
  • The average score is 23 of 30
Answer Stats
Hint Answer % Correct
New York Yankees (RF) Aaron Judge
97%
Toronto Blue Jays (1B) Vladimir Guerrero Jr
94%
Los Angels Dodgers (SP/DH) Shohei Ohtani
90%
Baltimore Orioles (SS) Gunnar Henderson
89%
New York Mets (RF) Juan Soto
89%
Detroit Tigers (SP) Tarik Skubal
89%
Kansas City Royals (SS) Bobby Witt Jr
87%
Seattle Mariners (C) Cal Raleigh
87%
Philadelphia Phillies (DH) Kyle Schwarber
87%
Minnesota Twins (CF) Byron Buxton
85%
Boston Red Sox (SP) Garrett Crochet
85%
Atlanta Braves (RF) Ronald Acuna Jr
85%
Pittsburg Pirates (SP) Paul Skenes
84%
Texas Rangers (SS) Corey Seager
82%
Cincinnati Reds (SS) Elly De La Cruz
82%
Cleveland Guardians (3B) Jose Ramirez
82%
San Diego Padres (RF) Fernando Tatis JR
79%
Arizona Diamondbacks (2B) Ketel Marte
77%
Chicago Cubs (CF) Pete Crow-Armstrong
77%
Tampa Bay Rays (3B) Junior Caminero
74%
Athletics (1B) Nick Kurtz
74%
Washington Nationals (LF) James Wood
73%
San Francisco Giants (SP) Logan Webb
71%
Milwaukee Brewers (2B) Brice Turang
66%
Los Angels Angels (SS) Zach Neto
66%
Miami Marlins (LF) Kyle Stowers
60%
Houston Astros (CP) Josh Hader
58%
Colorado Rockies (C) Hunter Goodman
53%
St. Louis Cardinals (2B) Brendan Donovan
45%
Chicago White Sox (SP) Shane Smith
39%
No matching quizzes found
Score Distribution
Percent of People with Each Score
Percentile by Number Answered
Your Score History
You have not taken this quiz